000 00601nam a2200229Ia 4500
003 OSt
005 20221005131537.0
006 a|||||r|||| 00| 0
007 ta
008 221004b |||||||| |||| 00| 0 mal d
024 _a57932
037 _cTextual
040 _aCRL
_cCRL
_bmal
041 _2mal
_amal
082 _aO44,1(Delta25)w, 32K2.1-2
100 _aNeelakanta
_9639735
245 0 _aSree maha bhakta vijayam
260 _c1962
650 _aINDIAN LITERATURE
942 _hO44,1(Delta25)w, 32K2.1-2
_cTEXL
_2cc
999 _c1060660
_d1060660